Crescimento e desenvolvimento radicular de trigo e triticale em rizotron. 4. efeitos da saturacao de aluminio no cultivar de trigo BR-23 e triticale IAPAR 23-ARAPOTI (Registro n. 325591)
[ somente texto ]
| 000 -LÍDER | |
|---|---|
| campo de controle de tamanho fixo | 01232naa a22003377a 4500 |
| 001 - NÚMERO DE CONTROLE | |
| campo de controle | BR9202002 |
| 003 - IDENTIFICADOR DO NÚMERO DE CONTROLE | |
| campo de controle | BR-BrBNA |
| 005 - DATA E HORÁRIO DA ÚLTIMA TRANSAÇÃO | |
| campo de controle | 20240918181518.0 |
| 007 - CAMPO FIXO DE DESCRIÇÃO FÍSICA--INFORMAÇÃO GERAL | |
| campo de controle de tamanho fixo | ta |
| 008 - CAMPO DE DADOS FIXOS--INFORMAÇÃO GERAL | |
| campo de controle de tamanho fixo | 230509b bl.||||| |||| 00| 0 por d |
| 040 ## - FONTE DA CATALOGAÇÃO | |
| Instituição da catalogação original | BR-BrBNA |
| Idioma da catalogação | por |
| Instituição que transcreveu o registro | Biblioteca Nacional de Agricultura |
| 041 ## - CÓDIGO DE IDIOMA | |
| Código do idioma do texto/trilha sonora ou título diferente | (Pt) |
| 072 ## - CÓDIGO DE CATEGORIA DE ASSUNTO | |
| Código de Categoria de Assunto | F62; F61 |
| Código do objeto | 0175 |
| -- | 0180 |
| 090 ## - NÚMERO DE CHAMADA LOCAL | |
| Número de chamada | F62 BR9202002 |
| 100 1# - ENTRADA PRINCIPAL--NOME PESSOAL | |
| Nome pessoal | Daros, E. |
| 100 1# - ENTRADA PRINCIPAL--NOME PESSOAL | |
| Nome pessoal | Ronzelli Junior, P. |
| 100 1# - ENTRADA PRINCIPAL--NOME PESSOAL | |
| Nome pessoal | Zanette, F. |
| 100 1# - ENTRADA PRINCIPAL--NOME PESSOAL | |
| Nome pessoal | Furilhata, K.R. |
| 111 1# - ENTRADA PRINCIPAL--NOME DO EVENTO | |
| Nome do evento ou lugar | 3. Reuniao Brasileira de Triticale |
| Local do evento | Cascavel, PR (Brazil) |
| Data do evento ou assinatura do tratado | 18-20 Jul 1988 |
| 245 1# - TÍTULO | |
| Título | Crescimento e desenvolvimento radicular de trigo e triticale em rizotron. 4. efeitos da saturacao de aluminio no cultivar de trigo BR-23 e triticale IAPAR 23-ARAPOTI |
| 260 3# - PUBLICAÇÃO, DISTRIBUIÇÃO, ETC. | |
| Local de publicação, distribuição, etc. | Cascavel, PR (Brasil): |
| Data da publicação, distribuição, etc. | 1990. |
| 500 ## - NOTA GERAL | |
| Nota geral | Anais da 3. Reuniao Brasileira de Triticale<br/>Cascavel, PR (Brasil): 1990. p. 245-251<br/>(BR9202002-AM)F62<br/> |
| 650 ## - ASSUNTO--TERMO TÓPICO | |
| Cabeçalho tópico ou nome geográfico | Triticale |
| 650 ## - ASSUNTO--TERMO TÓPICO | |
| Cabeçalho tópico ou nome geográfico | Trigo |
| 650 ## - ASSUNTO--TERMO TÓPICO | |
| Cabeçalho tópico ou nome geográfico | Raiz |
| 650 ## - ASSUNTO--TERMO TÓPICO | |
| Cabeçalho tópico ou nome geográfico | Comportamento de Variedade |
| 650 ## - ASSUNTO--TERMO TÓPICO | |
| Cabeçalho tópico ou nome geográfico | Aluminio |
| 773 0# - ENTRADA ANALÍTICA | |
| Título | Anais da 3. Reuniao Brasileira de Triticale |
| Número de controle do registro | F62 BR9202002 |
| Partes relacionadas | Cascavel, PR (Brasil), 1990. p. 245-251 |
| 909 ## - | |
| -- | 202404 |
| -- | Lucia |
| -- | 55 |
| -- | Lucia Elande |
| 942 ## - ELEMENTOS DE ENTRADA ADICIONADOS (KOHA) | |
| Tipo de material Koha | Capítulo-Livro |
| Fonte da classificação ou esquema de arquivamento na estante | Classificação AGRIS |
| Situação do descarte | Fonte da classificação ou esquema de arquivamento na estante | Situação física | Não pode ser emprestado | Coleção | Biblioteca de origem | Biblioteca atual | Localização na estante | Total de empréstimos | Número de telefone completo | Data de último acesso | Número do exemplar | Tipo de material Koha | Situação das perdas | Data de aquisição | Fonte de aquisição |
|---|---|---|---|---|---|---|---|---|---|---|---|---|---|---|---|
| Classificação AGRIS | Biblioteca Nacional de Agricultura - Binagri | Biblioteca Nacional de Agricultura - Binagri | Agrobase - Acervo Geral | 0175 BR9201983 | 20/05/2024 | 01 | Capítulo-Livro | 2024-04-11 | Portaria Interministerial nº 164/94 |

BINAGRI